| 000 | 00772nam a22001937a 4500 | ||
|---|---|---|---|
| 005 | 20140702112358.0 | ||
| 010 | _aENG-109739 | ||
| 020 |
_a9788173818165 _c195.00 |
||
| 035 | _aEN-93272 | ||
| 037 | _bDBAD/PUB | ||
| 082 | _a485 | ||
| 100 | _aDas, P.C. | ||
| 245 | 0 | 0 |
_aSpoken English functional grammar and translation proficiency : _cby P. C. Das _bfor advanced learners / |
| 260 |
_aKolkata _bNew Central Book Agency _c2013 |
||
| 270 |
_a8/1 Chintamoni Das Lane _bKolkata _e700009 |
||
| 300 |
_axii,315p. _c25cm(pbk) |
||
| 500 | _a | ||
| 942 |
_2ddc _cEN _mDAS _h485 |
||
| 999 |
_c83606 _d83606 |
||